| 000 | 00505nam a2200193 a 4500 | ||
|---|---|---|---|
| 001 | 1759931644853 | ||
| 003 | YourLibrary | ||
| 005 | 20251010105902.0 | ||
| 008 | 251008s2003##################000#0#eng## | ||
| 020 | _a9780826414595 | ||
| 082 | 0 | 4 |
_a182 _bGAD |
| 100 | 1 |
_aGadamer, Hans-Georg, _eauthor. |
|
| 245 | 1 | 0 | _aThe Beginning of Knowledge : |
| 260 |
_bBloomsbury Publishing, _c2003. |
||
| 300 | _a149 pages | ||
| 650 | 0 | _aPhilosophy. | |
| 942 | _cENGLISH | ||
| 040 |
_aYourLibrary _beng _cYourLibrary |
||
| 999 |
_c591388 _d591388 |
||